Please release me, let me go (Record no. 80809)

MARC details
000 -LEADER
fixed length control field 00761cab a22002175a 4500
001 - CONTROL NUMBER
control field L145425
008 - FIXED-LENGTH DATA ELEMENTS--GENERAL INFORMATION
fixed length control field 081007e20081004xxk f g 000 0 eng d
035 ## - SYSTEM CONTROL NUMBER
System control number (Sirsi) u145425
041 0# - LANGUAGE CODE
Language code of text/sound track or separate title eng
100 1# - MAIN ENTRY--PERSONAL NAME
Personal name Silman, Geoffrey
245 00 - TITLE STATEMENT
Title Please release me, let me go
260 ## - PUBLICATION, DISTRIBUTION, ETC.
Date of publication, distribution, etc. 2008
490 ## - SERIES STATEMENT
Series statement Estates Gazette
Volume/sequential designation (0839) 4 October 2008, 124(1)
520 ## - SUMMARY, ETC.
Summary, etc. Article looks at property law changes (namely the Landlord and Tenant (Covenants) Act 1995) and discusses landlord liabilities and the subsequent assignment and release of covenants.
590 ## - LOCAL NOTE (RLIN)
Local note KA
650 24 - SUBJECT ADDED ENTRY--TOPICAL TERM
Topical term or geographic name entry element AVONRIDGE PROPERTY CO LTD V MASHRU
650 24 - SUBJECT ADDED ENTRY--TOPICAL TERM
Topical term or geographic name entry element LANDLORD AND TENANT (COVENANTS) ACT 1995
651 #4 - SUBJECT ADDED ENTRY--GEOGRAPHIC NAME
Geographic name United Kingdom
Chronological subdivision
690 ## - LOCAL SUBJECT ADDED ENTRY--TOPICAL TERM (OCLC, RLIN)
Topical term or geographic name as entry element Landlord and tenant
9 (RLIN) 6252
942 ## - ADDED ENTRY ELEMENTS (KOHA)
Suppress in OPAC 0
Holdings
Withdrawn status Lost status Source of classification or shelving scheme Damaged status Not for loan Home library Current library Shelving location Date acquired Total Checkouts Full call number Barcode Date last seen Copy number Price effective from Koha item type
    Dewey Decimal Classification     London London Journal article 07/10/2008   L145425 145425-1001 06/08/2019 1 06/08/2019 Journal article